Música por Banda - Statistics

Estatísticas Gerais
  • Esse quiz foi jogado 310 vezes
  • A pontuação média é 8 de 12
Estatísticas das Respostas
Música Banda % Correto
Back In Black AC/DC
95%
Sweet Child O' Mine Guns N' Roses
90%
Enter Sandman Metallica
85%
Stairway To Heaven Led Zeppelin
78%
Paranoid Black Sabbath
73%
Can't Stop Red Hot Chilli Peppers
66%
Wind of Change Scorpions
61%
Seven Nation Army The White Stripes
59%
Song 2 Blur
54%
Riders on the Storm The Doors
43%
Baba O'Riley The Who
41%
We're Not Gonna Take It Twisted Sister
37%
Nenhum quiz correspondente encontrado
Distribuição das Pontuações
Porcentagem de Pessoas com Cada Pontuação
Percentil de Números Respondidos
Sua Pontuação Histórica
Você não jogou esse quiz